000
00295nam a2200097Ia 4500
005
20250424112836.0
008
250424s9999 xx 000 0 und d
300
_a
vii, 181 p. ; 23 cm.
650
_a
Human rights--Periodicals. Civil rights--Periodicals. Political rights--Periodicals.
942
_c
SR
999
_c
37451
_d
37451